Normal view
MARC view
- RAZA ABBAS,ABDUR RAFE
Entry Personal Name
001 - CONTROL NUMBER
- control field: 71666
003 - CONTROL NUMBER IDENTIFIER
- control field: NUST
005 - DATE AND TIME OF LATEST TRANSACTION
- control field: 20210628204650.0
008 - FIXED-LENGTH DATA ELEMENTS
- fixed length control field: 210628|| aca||aabn | a|a d
040 ## - CATALOGING SOURCE
- Original cataloging agency: NUST
- Transcribing agency: NUST
100 ## - HEADING--PERSONAL NAME
- Personal name: RAZA ABBAS,ABDUR RAFE
670 ## - SOURCE DATA FOUND
- Source citation: Work cat.: (NUST): RAZA ABBAS,ABDUR RAFE,, PR-SOF-1358-ANTI PERSONNEL TRAINING MINE SIMULATOR APTMS, 2014
